000 00419nam a22001697a 4500
003 SGT
020 _a9781032519050
082 _a616.024
_bE19P
100 _aPRABHAKAR, HEMANSHU
245 _aESSENTIALS OF GERIATRIC NEUROANESTHESIA
250 _a1ST
260 _aINDIA
_bCRC PRESS
_c2019
300 _a316
650 _aGENERAL MEDICINE , ANESTHESIOLOGY
653 _aGERIATRIC NEUROANESTHESIA
942 _2ddc
_cBK
999 _c31122
_d31122